000 00335nam a2200133Ia 4500
008 210210b1965 xxu||||| |||| 00| 0 eng d
082 _a828.02 DALD
100 _aDALAL (R K)
245 _aDiabolical dictionary
260 _aN D
_bJaico Publishing House
_c1965
300 _aviii,120
690 _aEnglish Collections
906 _a029078
999 _c80305
_d80305